Statistiques concernant Vainqueurs de la Coupe de France de Football

Cliquez ici pour prendre le quiz!

Statistiques générales

  • Ce quiz a été pris 360 fois
  • Le résultat moyen est 18 sur 34

Statistiques - réponses

Nombre de titreClub% Correct
5 titresRacing Club de Paris
100%
1 titreCA Paris
99%
10 titresMarseille
95%
5 titresLyon
91%
3 titresNantes
88%
6 titresSaint-Étienne
85%
6 titresLille
83%
4 titresBordeaux
81%
3 titresRennes
81%
5 titresMonaco
78%
3 titresNice
78%
3 titresStrasbourg
68%
1 titreMontpellier
66%
1 titreSO Montpellier
66%
4 titresAuxerre
60%
2 titresReims
59%
2 titresMetz
56%
2 titresSochaux
49%
2 titresGuingamp
48%
1 titreLorient
47%
1 titreNancy
44%
1 titreSC Bastia
44%
1 titreLe Havre
41%
14 titresParis-SG
38%
2 titresSète
30%
1 titreCannes
25%
5 titresRed Star
24%
1 titreExcelsior Roubaix
19%
1 titreToulouse FC
10%
1 titreOlympique Pantin
3%
1 titreClub Français
2%
2 titresCA Sports généraux
1%
1 titreEquipe féd. Nancy-Lorraine
1%
2 titresSedan-Torcy
0%

Distribution des résultats

Percentile par nombre de réponses

% des personnes avec chaque résultat

Votre développement - résultats

Vous n’avez pas pris ce quiz